000
00349nam a2200133Ia 4500
008
100328s9999 xx 000 0 und d
082
_b
67152
100
_a
कुलकर्णी लता.
245
_a
निरभ्र.
260
_b
वैशाली.
630
_a
निरभ्र.
730
_a
निरभ्र.
942
_c
BOOK
999
_c
552891
_d
552888